00353 a2200145 4500003000400000005001700004008004100021020001800062040000900080082001800089100002000107245004600127260002500173300000900198OSt20231125142802.0231125b |||||||| |||| 00| 0 eng d a9781259029547 coclc a005.73bBAL/D aBalagurusamy, E aData Structures Using C /cE Balagurusamy bMc graw hill ,c2023 a315p